Outbreak [

Bibliographic Details
Main Author: Peterson, Wolfgang
Format: Book
Published: s.l : Warner Bros , 1995
Subjects:

MARC

LEADER 00000cam a2200000 7i4500
001 0000041208
005 20080912.0
090 0 0 |a F   |b OUT 
100 1 |a Peterson, Wolfgang 
245 1 0 |a Outbreak [  |h video compact disc]   |c Wolfgang Peterson 
260 |a s.l :   |b Warner Bros ,   |c 1995 
300 |a 2 Video compact disc (128 minutes) :   |b col 
500 |a Library has 2 copies 
650 0 0 |a Thriller fiction 
999 |a AV 00960   |b VIDEO COMPACT DISC   |c PINJAMAN   |e PERPUSTAKAAN KOMUNITI PETALING JAYA